00000000nam##2200000za#4500
0019.679526
003CaOODSP
00520200328192717
007ta
008150407|1995||||xxc|||||     f|0| 0 fre|d
020 |a0-662-80330-2
040 |aCaOODSP|bfre
043 |an-cn---
0861 |aP35-85/1995F
1101 |aCanada.|bTravaux publics et Services gouvernementaux Canada.|bDirection générale des services immobiliers.
24513|aLe barrage-écluse St. Andrews : |bLockport, Manitoba / |cPublié par la Direction générale des services immobiliers.
260 |aEdmonton - Alberta : |bTravaux publics et Services gouvernementaux Canada. |c1995.
563 |aDépliant
590 |a95-45|b1995-11-10
69107|aBarrage|2gcpds
77508|tSt. Andrews lock and dam : |w(CaOODSP)9.645909